| Tag |
First Indicator |
Second Indicator |
Subfields |
| LEADER |
00000cam a2200000 4500 |
| 001 |
in00000079614 |
| 005 |
20151008052914.0 |
| 008 |
750731s1943 enk b 00000 eng u |
| 010 |
|
|
|a 43015555
|
| 035 |
|
|
|a (OCoLC)01493840
|
| 035 |
|
|
|9 AAH5389AM
|
| 040 |
|
|
|c BWE
|d TXA
|d UtOrBLW
|
| 049 |
|
|
|a TXAM
|c [292635]
|
| 050 |
0 |
0 |
|a Z6517
|b .G6
|
| 092 |
|
|
|a 093
|b G623m
|
| 100 |
1 |
|
|a Goldschmidt, Ernst.
|
| 245 |
1 |
0 |
|a Medieval texts and their first appearance in print /
|c by E. Ph. Goldschmidt.
|
| 264 |
|
3 |
|a London :
|b Printed for the Bibliographical society at the University press, Oxford,
|c 1943 [for 1940]
|
| 300 |
|
|
|a 143 pages :
|b frontispiece ;
|c 23 cm.
|
| 336 |
|
|
|a text
|b txt
|2 rdacontent
|
| 337 |
|
|
|a unmediated
|b n
|2 rdamedia
|
| 338 |
|
|
|a volume
|b nc
|2 rdacarrier
|
| 490 |
0 |
|
|a Supplement to the Bibliographical Society's Transactions, no. 16
|
| 504 |
|
|
|a Bibliographical footnotes.
|
| 650 |
|
0 |
|a Literature, Medieval
|x Bibliography.
|
| 650 |
|
0 |
|a Incunabula
|v Bibliography.
|
| 650 |
|
0 |
|a Early printed books
|y 16th century.
|
| 999 |
|
|
|a MARS
|
| 999 |
f |
f |
|s 4661e83d-08d9-39d9-af5b-21a4fe8bc771
|i 26686479-2d61-3908-970b-773e7c78c9ae
|t 0
|
| 952 |
f |
f |
|p ric
|a Texas A&M University
|b Rellis Campus
|c Joint Library Facility
|d Remote Storage
|t 0
|e Z6517 .G6
|h Library of Congress classification
|i unmediated -- volume
|m A14800503592
|
| 998 |
f |
f |
|a Z6517 .G6
|t 0
|l Remote Storage
|